000 00822nam a2200253Ia 4500
003 OSt
005 20221005112002.0
006 a|||||r|||| 00| 0
007 ta
008 221004b |||||||| |||| 00| 0 hin d
024 _a110054
037 _cTextual
040 _aCRL
_cCRL
_bhin
041 _2hin
_ahin
082 _aO152,6N06x, K6
100 _aद्विवेदी, हजारीप्रसाद
245 0 _aकल्पलता
246 _aKalpalatā
260 _aवाराणसी
_bनैवेद्य निकेतन भारत
_c1966
300 _a203पृ0
_ccm.
650 _aहिन्दी साहित्य
942 _hO152,6N06x, K6
_cTEXL
_2cc
999 _c1023494
_d1023494